000 00433nam a2200181Ia 4500
008 210210b1994 xxu||||| |||| 00| 0 eng d
020 _a0 7069 8676 8
041 _aeng
082 _a574.5 KUMM
100 _aKUMAR (H D).
245 _aModern concepts of ecology. Rev Ed.7
250 _a
260 _aND
_bVikas publishing house pvt ltd
_c1994
300 _ax,377
650 _aEcology
690 _aEcology
906 _a050220
999 _c98667
_d98667